000 00646nam a2200241Ia 4500
005 20250425161522.0
008 250425s9999 xx 000 0 und d
020 _a8432969044
041 _aspa
043 _asp
082 _a621.302
100 _aRAMIREZ VAZQUEZ, JOSE
245 0 _aBIBLIOTECA CEAC DE ELECTRICIDAD: PROTECCION DE SISTEMAS ELECTRICOS CONTRA SOBREINTENSIDADES
250 _a3A ED.
260 _aBARCELONA
260 _aEspaƱa
_bCEAC
_c1984
300 _a324
650 _aPROTECCIONES ELECTRICAS
650 _aRELES DE PROTECCION
650 _aSISTEMAS ELECTRICOS DE POTENCIA
942 _c01
010 _a22087
999 _c210825
_d210825